| 000 | 01104nam a2200217Ia 4500 | ||
|---|---|---|---|
| 003 | Ost | ||
| 005 | 20260507075015.0 | ||
| 008 | 260507s9999||||xx |||||||||||||| ||und|| | ||
| 040 | _cfsecg | ||
| 041 | _aara | ||
| 082 | _a330.122 | ||
| 100 |
_aدوب، مورس _eمؤلف |
||
| 245 | 0 |
_aدراسات في تطور الرأسمالية / _c مورس دوب |
|
| 260 |
_aالإسكندرية: _bدار الوفاء, _c2003 |
||
| 300 |
_a485 صفحة؛ _bإيضاحات ؛ _c24 سم |
||
| 520 | _aالرأسمالية-سقوط الإقطاع ونمو المدن-إرهاصات البورجوازية-ظهور رأس المال الصناعي-تراكم رأس المال والمدرسة التجارية-نمو البروليتاريا-الثورة الصناعية والقرن التاسع عشر-فترة ما بين الحربين وما بعدها-ما بعد الحرب العالمية الثانية-الإنتقال من الإقطاع إلى الرأسمالية | ||
| 653 | _aالإقطاع | ||
| 653 | _aالرأسمالية | ||
| 653 | _aالصناعة-تاريخ | ||
| 942 | _cكتاب | ||
| 999 |
_c42205 _d42205 |
||